00586nam a2200217 a 450000100060000000300080000600500170001400800410003103500190007203500110009104000270010204100080012908200210013710000200015824500570017826000280023530000270026350400510029065000120034165000150035343359BD-RjUL20211209053704.0160621s1952 enk b 001 0 eng d a(BD-RjUL)43477 a883500 aNUNbengcNUNdBD-RjUL aeng04a657.48bLAP 19521 aLacey, Kenneth.10aProfit measurement and price changes /cby K. Lacey. aLondon :bPitman,c1952 axiii, 129 p. ;c22 cm. aIncludes bibliographical references and index. 0aProfit  0aAccounting